000 01153pam a2200277 a 4500
001 3925352
003 OSt
005 20240614123957.0
008 240614b |||||||| |||| 00| 0 eng d
010 _a 92045860
020 _a0521333172
040 _cMUST
082 0 0 _a512.52 BAT 1993.
100 1 _aBatten, Lynn Margaret.
_917227
245 1 4 _aThe theory of finite linear spaces :
_bcombinatorics of points and lines /
_cLynn Margaret Batten, Albrecht Beutelspacher.
260 _aCambridge,
_aNew York,
_bCambridge University,
_c1993.
300 _ax, 214 p. :
_bill. ;
_c24 cm.
504 _aIncludes bibliographical references and index.
650 0 _aVector spaces,
_2Mathematics.
_917206
700 1 _aBeutelspacher, Albrecht.
_917228
740 0 _aFinite linear spaces.
856 4 2 _3Publisher description
_uhttp://www.loc.gov/catdir/description/cam025/92045860.html
856 4 1 _3Table of contents
_uhttp://www.loc.gov/catdir/toc/cam028/92045860.html
942 _2ddc
_cO_SHELF
999 _c8479
_d8479